000 008090000a22001930004500
041 0 _aSPA
082 0 4 _aG 173 J124c
245 1 0 _aComunicación, familia y matrimonio / Don D. Jackson, Compilador
260 _aBuenos Aires, Argentina : Nueva Visión
300 _a359 Pag.
500 _aTítulo original : Communication, family and marriage
505 0 0 _aPrimeras generalizaciones basadas en observaciones clínicas -- trabajos sobre la teoría del doble vínculo -- comunicación, sistemas y patología -- la investigación: enfoques y métodos
650 1 4 _aPSICOTERAPIA FAMILIAR - GUIAS, ENSAYOS, LECTURAS \ ESQUIZOFRENIA - GUIAS, ENSAYOS, LECTURAS
001 1260
942 _cBK
999 _c32583
_d32583
336 _atexto
_btxt
_2rdacontent
337 _2rdamedia
_asin mediación
_bn
338 _2rdacarrier
_avolumen
_bnc